000 00522cab a2200217 4500
001 WB2512-76
008 090401t1989 xxu||||| |||| 00| 0 eng d
035 _a(Sirsi) u33558
041 _aeng
245 _aVAT bill
260 _c1989
350 _a0
490 _aBirmingham Post
_v21/3/89 p22
520 _aDetails two recent appeals to VAT Tribunals on agricultural matters.
650 _aAGRICULTURE
650 _aCATTLE
650 _aFISH FARM
690 _aTAXATION
942 _n0
948 _c04/03/1997
999 _c22405
_d22405